Wzrost wartości nieruchomości na skutek podziałów nieruchomości lub budowy urządzeń infrastruktury technicznej na przykładzie gminy Kwidzyn / (Rekord nr 7809)
| 000 -ETYKIETA REKORDU | |
|---|---|
| podpole kontrolne o stałej długości | 02981naa a22002417i 4500 |
| 001 - NUMER KONTROLNY REKORDU | |
| podpole kontrolne | 7809 |
| 003 - IDENTYFIKATOR NUMERU KONTROLNEGO REKORDU | |
| podpole kontrolne | KOSZ 005 |
| 005 - DATA OSTATNIEJ MODYFIKACJI REKORDU | |
| podpole kontrolne | 20180424123525.0 |
| 008 - POLE O STAŁEJ DŁUGOŚCI - DANE KONTROLNE | |
| podpole kontrolne o stałej długości | 160308s2011 pl ||||| ||||1|| 0 pol |
| 035 ## - NUMER SYSTEMOWY | |
| Numer systemowy przejętego rekordu | PBN-R:314893 |
| 040 ## - ŹRÓDŁO KATALOGOWANIA | |
| Instytucja, która utworzyła rekord | KOSZ 005/md |
| Instytucja, która sporządziła opis | PBN-ID |
| Instytucja, która dokonała modyfikacji | KOSZ 005/HR |
| 041 0# - KOD JĘZYKA | |
| Kod języka tekstu | pol |
| Kod języka streszczenia lub abstraktu | pol |
| -- | eng |
| 080 ## - UNIWERSALNA KLASYFIKACJA DZIESIĘTNA - UKD | |
| UKD | 528 |
| 100 1# - NAZWA OSOBOWA | |
| Nazwa osobowa | JUCHNIEWICZ-PIOTROWSKA, Kamila. |
| Instytucja | Politechnika Koszalińska - Wydział Inżynierii Lądowej, Środowiska i Geodezji |
| 245 10 - TYTUŁ/ODPOWIEDZIALNOŚĆ | |
| Tytuł | Wzrost wartości nieruchomości na skutek podziałów nieruchomości lub budowy urządzeń infrastruktury technicznej na przykładzie gminy Kwidzyn / |
| Pozostałe elementy strefy tytułu i oznaczenia odpowiedzialności | Kamila Juchniewicz-Piotrowska. |
| 260 ## - STREFA ADRESU WYDAWNICZEGO | |
| Data publikacji, dystrybucji/powstania dokumentu | 2011. |
| 520 ## - UWAGA DOTYCZĄCA TREŚCI DOKUMENTU | |
| Analiza dokumentacyjna, adnotacja itp. | Podziały nieruchomości oraz inwestycje prowadzone przez gminy w ramach, których dochodzi min. do budowy nowych urządzeń infrastruktury technicznej mogą znacząco wpływać na wzrost wartość nieruchomości. W artykule poddano analizie wzrosty wartości nieruchomości spowodowane podziałami nieruchomości oraz budową urządzeń infrastruktury technicznej w gminie Kwidzyn w latach 2006-2008. Z obszaru badań wyłączono nieruchomości, które w miejscowym planie zagospodarowania przestrzennego były położone na obszarach przeznaczonych na cele rolne lub leśne, a w przypadku braku planu miejscowego były wykorzystywane na cele rolne lub leśne, a także podziały przeprowadzane na nieruchomościach zabudowanych. Badania dokonano w oparciu o dane uzyskane z urzędu gminy Kwidzyn. W analizie wzięto pod uwagę różne czynniki mogące wpływać na zróżnicowanie wzrostów wartości nieruchomości spowodowanych podziałami nieruchomości lub budową urządzeń infrastruktury technicznej. |
| 520 ## - UWAGA DOTYCZĄCA TREŚCI DOKUMENTU | |
| Analiza dokumentacyjna, adnotacja itp. | Partition of properties and investments held by the commune in which there is inter alia building a new technical infrastructure can significantly affect the increase in real estate value. The article analyzes the increases in property value due to property divisions and the construction of technical infrastructure in the commune of Kwidzyn in 2006-2008.The study area excludes the properties that in the local land development plan were located in areas intended for agricultural or forestry purposes, in the absence of a local plan have been used for agricultural or forestry purposes, and the partition carried out on developed properties as well. The study was based on data obtained from the office in the commune of Kwidzyn. The analysis took into account various factors that may affect the differentiation of property value increase caused by division of real estate or technical infrastructure construction. |
| 711 2# - HASŁO DODATKOWE - NAZWA IMPREZY | |
| Nazwa imprezy | Konferencja Naukowa Towarzystwa Naukowego Nieruchomości |
| Oznaczenie części/sekcji dzieła | (19 ; |
| Data imprezy | 2011 ; |
| Miejsce imprezy | Szczecin, Polska). |
| 773 ## - TYTUŁ DOKUMENTU MACIERZYSTEGO | |
| Wyrażenie wprowadzające | W: |
| Tytuł | Real Estate Management and Valuation. - |
| Adres wydawniczy | Towarzystwo Naukowe Nieruchomosci. - |
| Informacje dotyczące relacji | 2011, nr 19 (3), s. 134-145 |
| ISSN | 1733-2478 |
| 856 ## - LOKALIZACJA I DOSTĘP DO ELEKTRONICZNYCH DOKUMENTÓW ZDALNYCH | |
| Link (URL) | http://www.tnn.org.pl/tnn/publik/19/TNN_Tom_XIX_3.pdf |
| Uwaga przeznaczona do użytku publicznego | Link do zasobu |
| 942 ## - HASŁO DODATKOWE - ELEMENTY(KOHA) | |
| Typ dokumentu | Artykuł |
| Schemat klasyfikacji | Uniwersalna klasyfikacja dziesiętna |
Brak dostępnych egzemplarzy.
